000 00737nam a2200229 u 4500
005 20240228064333.0
008 181120s2007 ag r 000 0 spa d
020 _a9789507532078
035 _aUPN01000227964
049 _aI
050 4 _aPZ78
_bR4.24
100 1 _aRey, Rosa María
_942130
245 1 3 _aUn auto abandonado /
_cRosa María Rey ; il. Andrés Martínez Ricci.
260 _aBuenos Aires :
_bCántaro,
_c2007.
300 _a23 p. :
_bprincipalmenete il. col.
440 0 _aRincón de lectura.
_pAventuras en cuadritos
650 4 _aLibros y lectura para niños
_92290
650 7 _aTiras cómicas, historietas, etc.
_2
_95861
700 1 _aMartínez Ricci, Andrés,
_eil.
905 _aInfantil
999 _c200059
_d200059